[Event "XXXIII Festival A"]
[Site "Arco ITA"]
[Date "2011.10.30"]
[Round "9"]
[White "Marshall, Michael"]
[Black "Beltrami, Nerio"]
[Result "1/2-1/2"]
[WhiteElo "1894"]
[BlackElo "1961"]
[PlyCount "105"]
[EventDate "2011.10.22"]

1. c4 d6 2. g3 e5 3. Nc3 f5 4. Nf3 Nf6 5. d3 Be7 6. Bg5 O-O 7. Bg2 c5 8. O-O
Nc6 9. e3 h6 10. Bxf6 Bxf6 11. Nd5 Be6 12. Nxf6+ Qxf6 13. Qc2 Rab8 14. Rab1 g5
15. a3 Rfc8 16. Nd2 Qf7 17. f4 exf4 18. exf4 Nd4 19. Qd1 g4 20. Nb3 Qf6 21.
Nxd4 Qxd4+ 22. Kh1 Rc7 23. Re1 Kf7 24. Qe2 Re7 25. Qe3 Qf6 26. Qf2 Kf8 27. Kg1
Rbe8 28. Re2 Bc8 29. Rbe1 Rxe2 30. Rxe2 Rxe2 31. Qxe2 b6 32. Bd5 Bd7 33. Kh1 h5
34. Qf2 Qe7 35. h4 Ba4 36. Kg2 Bb3 37. Kf1 b5 38. Qe2 a5 39. Qxe7+ Kxe7 40. Ke1
bxc4 41. dxc4 Bc2 42. Kd2 Bb1 43. Ke3 Kf6 44. Bc6 Ba2 45. Bd5 Bb3 46. Kd2 Ba4
47. Bb7 Bd7 48. Kc3 Ke7 49. Bd5 Be6 50. Kd3 Kd7 51. Kc3 a4 52. Bxe6+ Kxe6 53.
b3 1/2-1/2

[Event "XXXIII Festival A"]
[Site "Arco ITA"]
[Date "2011.10.30"]
[Round "9"]
[White "Milazzo, Mario"]
[Black "Mercandelli, Claudio"]
[Result "1-0"]
[WhiteElo "2077"]
[BlackElo "1907"]
[PlyCount "65"]
[EventDate "2011.10.22"]

1. c4 b6 2. Nc3 Bb7 3. e4 e5 4. Nf3 d6 5. d4 Nd7 6. Bd3 Be7 7. Bc2 Ngf6 8. O-O
O-O 9. h3 c6 10. Qe2 Qc7 11. Be3 Rad8 12. Rac1 c5 13. d5 Ne8 14. Nh2 a6 15. Bd3
Rc8 16. Bd2 Qd8 17. Ng4 Bg5 18. Ne3 g6 19. g3 Bxe3 20. Qxe3 Ng7 21. Kh2 Qe7 22.
Rce1 Rce8 23. f4 f5 24. b3 fxe4 25. Bxe4 exf4 26. gxf4 Nf5 27. Bxf5 Qxe3 28.
Rxe3 Rxe3 29. Bxd7 Re7 30. Be6+ Kg7 31. f5 Rf6 32. Bg5 Rexe6 33. dxe6 1-0

[Event "XXXIII Festival A"]
[Site "Arco ITA"]
[Date "2011.10.30"]
[Round "9"]
[White "Mircoli, Filippo"]
[Black "Eschweiler, Markus"]
[Result "0-1"]
[WhiteElo "1747"]
[BlackElo "1548"]
[PlyCount "86"]
[EventDate "2011.10.22"]

1. e4 d5 2. exd5 Qxd5 3. Nc3 Qa5 4. d4 Nf6 5. Bd2 Qb6 6. Nf3 Bf5 7. Rb1 c6 8.
Bc4 e6 9. O-O Nbd7 10. Re1 O-O-O 11. Na4 Qc7 12. Ng5 Ng4 13. f4 Ndf6 14. Bb3
Rxd4 15. h3 Rxa4 16. hxg4 Bc5+ 17. Kf1 Rxf4+ 18. Bxf4 Qxf4+ 19. Nf3 Rd8 20. Qc1
Qxg4 21. Qg5 Bxc2 22. Qxg4 Bd3+ 23. Re2 Nxg4 24. Rd1 Bxe2+ 25. Kxe2 Rxd1 26.
Bxd1 Ne3 27. Bb3 Nxg2 28. Ng5 Nf4+ 29. Kd2 f6 30. Nxh7 Kd7 31. Bc2 Ke8 32. b4
Bxb4+ 33. Ke3 Bd6 34. a4 Kf7 35. Bb1 g6 36. Kd4 Kg7 37. Nxf6 Kxf6 38. a5 a6 39.
Ke3 e5 40. Kf3 Bb4 41. Kf2 Bxa5 42. Kf1 Ke7 43. Kf2 Kd6 0-1

[Event "XXXIII Festival A"]
[Site "Arco ITA"]
[Date "2011.10.30"]
[Round "9"]
[White "Morselli, Stefano"]
[Black "Viviani, Alessio"]
[Result "0-1"]
[WhiteElo "1909"]
[BlackElo "2021"]
[PlyCount "64"]
[EventDate "2011.10.22"]

1. Nf3 Nf6 2. g3 g6 3. Bg2 Bg7 4. d4 d5 5. O-O O-O 6. Nbd2 c5 7. c4 b6 8. Qb3
Bb7 9. Re1 Nc6 10. cxd5 Nxd5 11. Nc4 Qd7 12. Bd2 Rad8 13. a4 Ndb4 14. Bc3 Qc7
15. Red1 e5 16. Ng5 Nxd4 17. Bxd4 exd4 18. Ne4 Kh8 19. Ned2 Bxg2 20. Kxg2 Rde8
21. Re1 f5 22. Rac1 Bh6 23. f4 g5 24. e3 dxe3 25. Nf3 Qg7 26. fxg5 Bxg5 27.
Nxg5 Qxg5 28. Nd6 Re7 29. Qc3+ Qf6 30. Re2 Na2 31. Qxf6+ Rxf6 32. Nc8 Nxc1 0-1

[Event "XXXIII Festival A"]
[Site "Arco ITA"]
[Date "2011.10.30"]
[Round "9"]
[White "Mumelter, Igor"]
[Black "Vaccari, Giorgio"]
[Result "1-0"]
[WhiteElo "1876"]
[BlackElo "1656"]
[PlyCount "55"]
[EventDate "2011.10.22"]

1. e4 e5 2. Nf3 Nc6 3. d4 exd4 4. Nxd4 Bc5 5. Nxc6 Qf6 6. Qd2 dxc6 7. Nc3 Be6
8. Na4 Rd8 9. Bd3 Be7 10. Qe3 Bb4+ 11. Ke2 Qe7 12. a3 Bd6 13. Re1 Nf6 14. h3
O-O 15. e5 Nd5 16. exd6 cxd6 17. Qe4 Nf6 18. Bg5 g6 19. Kf1 Rfe8 20. Qf4 Kg7
21. Bh6+ Kg8 22. Bg5 Kg7 23. Qh4 b6 24. Re3 Rh8 25. Qh6+ Kg8 26. Rf3 Qf8 27.
Qh4 Nh5 28. Bxd8 1-0

[Event "XXXIII Festival A"]
[Site "Arco ITA"]
[Date "2011.10.30"]
[Round "9"]
[White "Paehtz, Thomas sr"]
[Black "Panjkovic, Aleksandar"]
[Result "1-0"]
[WhiteElo "2437"]
[BlackElo "2187"]
[PlyCount "65"]
[EventDate "2011.10.22"]

1. e4 d6 2. d4 Nf6 3. Nc3 g6 4. f4 Bg7 5. Nf3 c5 6. Bb5+ Bd7 7. Bxd7+ Qxd7 8.
dxc5 dxc5 9. Qxd7+ Nfxd7 10. Nb5 Na6 11. c3 O-O 12. O-O Nb6 13. a4 Rfd8 14. a5
Nc4 15. e5 b6 16. Ra4 Nxa5 17. b4 cxb4 18. cxb4 Rd5 19. Nbd4 g5 20. Nf5 Nxb4
21. Rxb4 Bf8 22. Nxg5 e6 23. Nd6 Bxd6 24. exd6 Rxd6 25. Ne4 Rc6 26. Nf6+ Kg7
27. Bb2 Nc4 28. Ba1 e5 29. fxe5 Ne3 30. Re1 Rd8 31. e6 Rxe6 32. Ng4+ Kf8 33.
Nxe3 1-0

[Event "XXXIII Festival A"]
[Site "Arco ITA"]
[Date "2011.10.30"]
[Round "9"]
[White "Pieri, Enzo"]
[Black "Stolfa, Rodolfo"]
[Result "1-0"]
[WhiteElo "1729"]
[BlackElo "1812"]
[PlyCount "97"]
[EventDate "2011.10.22"]

1. d4 d5 2. Nf3 Nf6 3. c4 e6 4. Nc3 Be7 5. e3 Nbd7 6. c5 O-O 7. Bd3 Re8 8. O-O
c6 9. b4 b6 10. Rb1 b5 11. a4 a6 12. a5 Qc7 13. Qc2 h6 14. e4 dxe4 15. Nxe4
Nxe4 16. Bxe4 Nf6 17. Ne5 Nxe4 18. Qxe4 Bd7 19. Qg4 Bg5 20. f4 Bf6 21. h4 Re7
22. Rb3 Kf8 23. Qf3 Ke8 24. g4 Bxe5 25. dxe5 Kd8 26. Rd3 Kc8 27. Rd6 Kb7 28.
Qe4 Rg8 29. Qh7 Qc8 30. Rfd1 Kc7 31. Qe4 Qe8 32. Be3 f6 33. Bf2 f5 34. gxf5
exf5 35. Qf3 g5 36. Rxh6 gxf4+ 37. Kh2 Rg4 38. Rdd6 Rxe5 39. h5 Re2 40. Rhg6
Re4 41. Qd3 Rxg6 42. Rxg6 Qe5 43. Qd6+ Qxd6 44. cxd6+ Kd8 45. h6 Be8 46. h7
Bxg6 47. h8=Q+ Be8 48. Qf6+ Kd7 49. Qxf5+ 1-0

[Event "XXXIII Festival A"]
[Site "Arco ITA"]
[Date "2011.10.30"]
[Round "9"]
[White "Qendro, Llambi"]
[Black "Knors, Rudi"]
[Result "1-0"]
[WhiteElo "2342"]
[BlackElo "2125"]
[PlyCount "66"]
[EventDate "2011.10.22"]

1. d4 d5 2. c4 c6 3. cxd5 cxd5 4. Nf3 Nf6 5. Nc3 Nc6 6. Bf4 a6 7. Rc1 Bf5 8. e3
e6 9. Bd3 Bxd3 10. Qxd3 Be7 11. O-O O-O 12. Ne5 Nxe5 13. Bxe5 Qa5 14. Bxf6 Bxf6
15. Rc2 Rfd8 16. f4 b5 17. b3 Qb6 18. Rfc1 Qb7 19. Nd1 Rac8 20. Rc3 b4 21. R3c2
Rxc2 22. Qxc2 Qb5 23. Nb2 g6 24. Kf2 Kg7 25. Qc6 Rd7 26. Rc5 Qxc6 27. Rxc6 a5
28. Ke2 Bd8 29. Kd2 Rc7 30. Ra6 Rb7 31. Nd3 Rb5 32. Ra7 Bf6 33. Nc5 Bd8 1-0

[Event "XXXIII Festival A"]
[Site "Arco ITA"]
[Date "2011.10.30"]
[Round "9"]
[White "Rivara, Massimo"]
[Black "Loi, Andrea"]
[Result "0-1"]
[WhiteElo "1834"]
[BlackElo "1993"]
[PlyCount "78"]
[EventDate "2011.10.22"]

1. e4 c5 2. Nf3 d6 3. d4 cxd4 4. Nxd4 Nf6 5. Nc3 a6 6. Bc4 e6 7. Bb3 Be7 8. O-O
O-O 9. Qf3 Nc6 10. Nxc6 bxc6 11. e5 Nd5 12. exd6 Bxd6 13. Ne4 Bb8 14. c4 Ne7
15. Bg5 Qc7 16. g3 Ng6 17. Rad1 Qe5 18. Rd2 f5 19. Nd6 Bxd6 20. Qxc6 Bc7 21.
Qxa8 f4 22. Bd8 fxg3 23. hxg3 Bb8 24. Qc6 Ba7 25. Bc7 Qg5 26. Rd3 Qf5 27. Rd2
Ne5 28. Bxe5 Qxe5 29. Qg2 h5 30. Rdd1 h4 31. Rde1 Qg5 32. c5 Rf6 33. Re3 Bxc5
34. Rf3 Bb7 35. Bxe6+ Rxe6 36. Qh3 Rg6 37. Rb3 hxg3 38. Rxb7 gxf2+ 39. Kh1 Qg1+
0-1

[Event "XXXIII Festival A"]
[Site "Arco ITA"]
[Date "2011.10.30"]
[Round "9"]
[White "Roversi, Stefano"]
[Black "Pistone, Salvatore"]
[Result "1-0"]
[WhiteElo "1822"]
[BlackElo "1671"]
[PlyCount "37"]
[EventDate "2011.10.22"]

1. e4 e5 2. Nf3 Nc6 3. Bb5 d6 4. d4 exd4 5. Nxd4 Bd7 6. Nc3 Nf6 7. O-O Be7 8.
f4 O-O 9. Nxc6 bxc6 10. Bd3 d5 11. e5 Bc5+ 12. Kh1 Ng4 13. Qe1 Qe7 14. h3 Nh6
15. f5 Ng4 16. hxg4 Rae8 17. f6 Qxe5 18. Qxe5 Rxe5 19. Bf4 1-0

[Event "XXXIII Festival A"]
[Site "Arco ITA"]
[Date "2011.10.30"]
[Round "9"]
[White "Sparber, Werner"]
[Black "Papa, Angelo"]
[Result "1/2-1/2"]
[WhiteElo "1788"]
[BlackElo "1848"]
[PlyCount "45"]
[EventDate "2011.10.22"]

1. d4 g6 2. e4 Bg7 3. Nf3 d6 4. Bc4 Nf6 5. Nc3 O-O 6. O-O c6 7. Re1 b5 8. Bb3
Qc7 9. e5 dxe5 10. dxe5 Rd8 11. Qe2 Ng4 12. h3 b4 13. Na4 Nh6 14. Nc5 Qb6 15.
Rd1 Rxd1+ 16. Qxd1 Na6 17. Ne4 Bf5 18. Be3 Qa5 19. Neg5 Rd8 20. Qe2 Bxe5 21.
Bb6 Qxb6 22. Qxe5 Qc5 23. Qe2 1/2-1/2

[Event "XXXIII Festival A"]
[Site "Arco ITA"]
[Date "2011.10.30"]
[Round "9"]
[White "Stella, Andrea"]
[Black "Molina, Fabrizio"]
[Result "1-0"]
[WhiteElo "2447"]
[BlackElo "2258"]
[PlyCount "75"]
[EventDate "2011.10.22"]

1. d4 d6 2. g3 c6 3. Bg2 Nd7 4. Nf3 Ngf6 5. c4 e5 6. Nc3 Be7 7. O-O O-O 8. e4
Re8 9. d5 a5 10. Ne1 Nc5 11. Nd3 Nxd3 12. Qxd3 g6 13. Bg5 Rb8 14. Rad1 Nxd5 15.
exd5 Bxg5 16. dxc6 Bf5 17. Qxd6 Qxd6 18. Rxd6 bxc6 19. b3 e4 20. Rxc6 Rbd8 21.
Nd5 Kg7 22. Ra6 Bd2 23. Rd1 Bc8 24. Ra8 Bb4 25. Rf1 Bd2 26. a3 e3 27. fxe3
Bxe3+ 28. Nxe3 Rxe3 29. Bd5 Rxb3 30. Rxf7+ Kh6 31. Rc7 Rb1+ 32. Kf2 Rf8+ 33.
Ke3 Re8+ 34. Kd4 Rd1+ 35. Kc5 Bd7 36. Raa7 Bf5 37. h4 g5 38. Rc6+ 1-0

[Event "XXXIII Festival A"]
[Site "Arco ITA"]
[Date "2011.10.30"]
[Round "9"]
[White "Vezzosi, Paolo"]
[Black "De Santis, Alessio"]
[Result "0-1"]
[WhiteElo "2351"]
[BlackElo "2307"]
[PlyCount "66"]
[EventDate "2011.10.22"]

1. d4 d6 2. e4 Nf6 3. Bd3 e5 4. c3 d5 5. dxe5 Nxe4 6. Bxe4 dxe4 7. Qxd8+ Kxd8
8. Bf4 Nd7 9. Ne2 b6 10. Nd2 Nc5 11. O-O Ba6 12. Rfe1 Nd3 13. Reb1 Nxb2 14.
Rxb2 Bxe2 15. Nxe4 Bc4 16. Rd2+ Kc8 17. Rd4 Be6 18. Ng5 Bc5 19. Nxe6 fxe6 20.
Rd2 Rf8 21. Bg3 Rf7 22. Rad1 Kb7 23. Kf1 Kc6 24. Ke2 a5 25. f3 a4 26. c4 a3 27.
Rc2 Ra4 28. Rd3 Rb4 29. f4 Rb1 30. h4 h6 31. Rf3 Rg1 32. Kd3 Rd7+ 33. Kc3 Rb1
0-1

[Event "XXXIII Festival A"]
[Site "Arco ITA"]
[Date "2011.10.30"]
[Round "9"]
[White "Virzi, Ettore"]
[Black "Webel, Jannik"]
[Result "1/2-1/2"]
[WhiteElo "1951"]
[BlackElo "1776"]
[PlyCount "28"]
[EventDate "2011.10.22"]

1. e4 c5 2. Nf3 d6 3. d4 cxd4 4. Nxd4 Nf6 5. Nc3 a6 6. Bg5 e6 7. f4 Be7 8. Qf3
Nc6 9. Nxc6 bxc6 10. O-O-O Qb6 11. e5 dxe5 12. fxe5 Nd5 13. Bxe7 Nxe7 14. Bd3
Rb8 1/2-1/2

[Event "XXXIII Festival A"]
[Site "Arco ITA"]
[Date "2011.10.30"]
[Round "9"]
[White "Von Wantoch, Markus"]
[Black "Mastroddi, Emiliano"]
[Result "0-1"]
[WhiteElo "1923"]
[BlackElo "2097"]
[PlyCount "118"]
[EventDate "2011.10.22"]

1. e4 c5 2. Nc3 d6 3. g3 Nc6 4. Bg2 g6 5. d3 Bg7 6. f4 e6 7. Nf3 Nge7 8. O-O
O-O 9. Be3 Nd4 10. Qd2 Rb8 11. Nd1 b5 12. Nh4 Qc7 13. c3 Ndc6 14. d4 cxd4 15.
cxd4 Qa5 16. Qxa5 Nxa5 17. b3 Nac6 18. Nf3 d5 19. Ne5 Nb4 20. Rc1 dxe4 21. Bxe4
Nbd5 22. Bf2 Bb7 23. Bg2 Rbc8 24. Rc5 Rxc5 25. dxc5 Bxe5 26. fxe5 Nc6 27. Re1
Ncb4 28. Nc3 a6 29. Nxd5 Bxd5 30. Bxd5 Nxd5 31. a4 bxa4 32. bxa4 Rb8 33. c6 Rc8
34. Rc1 Ne7 35. c7 Nd5 36. Rc6 Rxc7 37. Rxa6 Kf8 38. g4 Nf4 39. Bh4 Rc1+ 40.
Kf2 Nd3+ 41. Ke2 Nf4+ 42. Kd2 Rc8 43. Rd6 Ra8 44. Rd8+ Rxd8+ 45. Bxd8 Ke8 46.
Bg5 Nd5 47. Ke1 Kd7 48. Kf2 Nc3 49. Kg3 Nxa4 50. Kf4 Nc5 51. Bf6 Kc6 52. Kg5
Ne4+ 53. Kh6 Nxf6 54. exf6 Kd7 55. h4 e5 56. Kg5 Ke6 57. h5 e4 58. hxg6 hxg6
59. Kf4 Kd5 0-1